000 01230nam a2200349 i 4500
001 11808
003 KOSZ 005
005 20200630132825.0
008 070620s1969 pl a f 001 0 pol
015 _aPB 1969/7685
040 _aWA N
_cWA N
_dKOSZ 005/RW
_dKOSZ 005/HR
041 1 _apol
_heng
046 _k1969
080 _a519.85
100 1 _aFord, Lester Randolph
_d(1927- ).
_eAutor
245 1 0 _aPrzepływy w sieciach /
_cL. R. Ford jr, D. R. Fulkerson ; tł.Maria Wycech-Łosiowa.
246 1 _iTyt. oryg.:
_aFlows in networks.
260 _aWarszawa :
_bPaństwowe Wydawnictwo Naukowe,
_c1969.
300 _a256, [4] s. :
_bil. ;
_c23 cm.
380 _aKsiążki.
388 _a1901-2000
490 1 _aBiblioteka Naukowa Inżyniera
504 _aBibliogr. przy rozdz. Indeks.
658 _aMatematyka
650 4 _aProgramowanie liniowe
700 1 _aFulkerson, D. R.
700 1 _aWycech-Łosiowa, Maria
_d(1929-2011).
_eTłumaczenie
710 2 _aPaństwowe Wydawnictwo Naukowe
_4pbl.
856 _uhttp://koha.tu.koszalin.pl/cgi-bin/koha/opac-detail.pl?biblionumber=11808
_yKatalog online BPK
830 0 _aBNI Biblioteka Naukowa Inżyniera
942 _2UKD
_cKS
999 _c11808
_d11808